000 00963nam0a22002891 4500
001 RU\INFOCOMM_322\NLR\5000245741
005 20250613112659.0
035 _a(NLR Aleph) 009615858
090 _a9401395
_c9401395
100 _a20130319d1964 |||y0rusy50 ca
101 0 _aeng
102 _aRU
105 _ay z |||||
200 1 _aˆThe ‰plan and initiative
_fS. Pervushin
210 _a[M.]
_c"Novosti" press agency publ. house
_d1964
215 _a36 с.
_d20 см
300 _aНа 4-й с. обл.: С. Первушин. План и инициатива
607 _aСССР
_xНародное образование
_xПланирование
_2nlr_sh1
620 _aМосква
686 _aЭ1-262
_2rubbk
700 1 _9z01790
_aPervušin
_bS. P.
_f1914-
_gSerafim Pavlovič
790 1 _9z01700
_aPervushin
_bS.
_4070
801 1 _aRU
_bInfocomm
_c20130319
801 0 _aRU
_bINFOCOMM
_gPSBO
852 _aNLR
_jЭк31 Г-4/111
942 _cBOOK
980 _aNB